Perspektívy strategickej spolupráce Európskej únie a Ruska v oblasti vonkajšej bezpečnosti
Európska bezpečnostná stratégia počíta s Ruskom ako s kľúčovým hráčom v rámci geopolitických a bezpečnostných problémov na globálnej aj regionálnej úrovni. Dôležitá otázka stability v Čečensku. Masívny rozvoj informačných a komunikačných technológií a hrozba kybernetického terorizmu. Doposiaľ najváž...
Saved in:
| Main Author: | |
|---|---|
| Format: | Book Chapter |
| Language: | Slovak |
| Subjects: | |
| Tags: |
No Tags, Be the first to tag this record!
|
MARC
| LEADER | 00000naa$a2200000$$$4500 | ||
|---|---|---|---|
| 001 | 0051429 | ||
| 005 | 20240502071612.5 | ||
| 041 | 0 | |a slo | |
| 044 | |a SK | ||
| 245 | 1 | 0 | |a Perspektívy strategickej spolupráce Európskej únie a Ruska v oblasti vonkajšej bezpečnosti |c Anna Hoľková |
| 520 | |a Európska bezpečnostná stratégia počíta s Ruskom ako s kľúčovým hráčom v rámci geopolitických a bezpečnostných problémov na globálnej aj regionálnej úrovni. Dôležitá otázka stability v Čečensku. Masívny rozvoj informačných a komunikačných technológií a hrozba kybernetického terorizmu. Doposiaľ najvážnejší akt kybernetického terorizmu uskutočnený vo Veľkej Británii v roku 2001. Potreba reagovať na nové formy vedenia vojenských operácií - kybernetický teror. | ||
| 610 | 2 | 0 | |a bezpečnosť |
| 610 | 2 | 0 | |a politika bezpečnostná |
| 610 | 2 | 0 | |a vzťahy medzinárodné |
| 610 | 2 | 0 | |a technológie informačné |
| 610 | 2 | 0 | |a technológie komunikačné |
| 610 | 2 | 0 | |a internet |
| 610 | 2 | 0 | |a terorizmus |
| 610 | 2 | 0 | |a Európska únia |
| 610 | 2 | 0 | |a Rusko |
| 100 | 1 | |a Hoľková, Anna | |